Quality Progress Monthly Publication of the American Society for Quality Control

Enregistré dans:
Détails bibliographiques
Format: Publication en série
Langue:anglais
Publié: Milwaukee American Society for Quality Control 1992
Sujets:
Tags: Ajouter un tag
Pas de tags, Soyez le premier à ajouter un tag!

MARC

LEADER 00000nas2a2200000 4500
001 s016419
005 20240109094409.6
022 |a 0033-524X 
041 0 |a eng 
044 |a US 
245 1 0 |a Quality Progress  |b Monthly Publication of the American Society for Quality Control 
264 1 |a Milwaukee  |b American Society for Quality Control  |c 1992 
300 |a 2 zv. 
773 0 |w eu_un_cat*s120262 
610 2 0 |a kvalita 
610 2 0 |a riadenie kvality